000 00987nam a2200241 i 4500
001 187221
003 SpMaBN
005 20230906222840.0
008 170509s1973 sp e |||| |dspa d
080 _a9(=924:464.2)(063)
111 2 _aSimposio Medieval (
_n2º.
_d1972.
_cToledo)
_9162585
245 1 0 _aSimposio "Toledo Judaico"
_b: (Toledo 20-22 abril 1972) /
_cCentro Universitario de Toledo ; [Francisco Cantera Burgos ... (et al.)].
246 3 8 _aToledo Judaico
260 _a[Toledo] :
_bPublicaciones del Centro Universitario de Toledo, Universidad Complutense,
_c[1973]
300 _a2 v. :
_bplanos ;
_c20 cm.
490 1 _aToledo universitario ;
_v5-6
650 7 _aJudíos-
_zToledo-
_vCongresos y asambleas.
_9162587
700 1 _aCantera Burgos, Francisco.
_934642
710 2 _aUniversidad Complutense de Madrid.
_bCentro Universitario de Toledo.
_9162578
830 0 _aToledo universitario ;
_v5-6
_9185581
852 _aES-MaACL
_jL-31566-67
999 _c187221
_d187221